00534nam a2200169Ia 4500001000900000003000500009005001700014008004100031010001100072040001800083100003700101245011300138260008400251300001000335500000800345650001100353dia_3853CHAP20251029161851.0220117s1998 xx 000 0 und d a174460 cCHAPamxchpua aRuíz Espinoza, Felipe de Jesus aControl homeopatico del virus mosaico del tabaco (nicotina tabacum) /c por Felipe de Jesus Ruíz Espinoza aChapingo, México :b UACh, Departamento de Parasitología Agrícola,c1998 a26 p. aS/c aTabaco